| 000 | 00378nam a2200145Ia 4500 | ||
|---|---|---|---|
| 008 | 150201s2007 xx 000 0 und d | ||
| 082 |
_a617.525 _bD2007W |
||
| 100 | _aWOOD,NORMAN K. | ||
| 245 | _aDIFFERENTIAL DIAGNOSIS OF ORAL & MAXILLOFACIAL LESIONS | ||
| 250 | _a5TH | ||
| 260 |
_bMOSBY _aNEW DELHI _c2007 |
||
| 300 | _a1-656 | ||
| 650 | _aORAL SURGERY | ||
| 942 |
_2ddc _cBK _027 |
||
| 999 |
_c4688 _d4688 |
||